Central Library OPAC University of Rajshahi
Normal view MARC view

Entry Personal Name

Number of records used in: 11

001 - CONTROL NUMBER

  • control field: 461

003 - CONTROL NUMBER IDENTIFIER

  • control field: BD-RjUL

005 - DATE AND TIME OF LATEST TRANSACTION

  • control field: 20220103103903.0

008 - FIXED-LENGTH DATA ELEMENTS

  • fixed length control field: 220103|| aca||aabn | a|a d

040 ## - CATALOGING SOURCE

  • Original cataloging agency: BD-RjUL
  • Transcribing agency: BD-RjUL

100 ## - HEADING--PERSONAL NAME

  • Personal name: হুমায়ুন, রফিকুজ্জামান

670 ## - SOURCE DATA FOUND

  • Source citation: Work cat.: (BD-RjUL)79104: হুমায়ুন, রফিকুজ্জামান , বঙ্গবন্ধুর ভাষণ এবং সংগ্রামী জীবন / , ২০১১ [মুদ্রণ ২০২০]